| 000 | 00465nam a2200169Ia 4500 | ||
|---|---|---|---|
| 005 | 20250326123949.0 | ||
| 008 | 250326s9999 xx 000 0 und d | ||
| 037 | _aTextbook | ||
| 040 |
_aFMSL _beng _cFMSL |
||
| 041 |
_aeng _2eng |
||
| 084 |
_aWm2N70 L0 _qFMSL |
||
| 245 | 0 | _aIndian behavioural sciences abstracts | |
| 260 |
_aNY _bNY, Brhavioural Sciences Centre _c1970 |
||
| 300 | _a200p | ||
| 942 |
_cTB _hWm2N70 L0 |
||
| 999 |
_c1271679 _d1271679 |
||